[Event "Warsaw Maciei Memorial"]
[Site "Warsaw"]
[Date "2022.07.08"]
[Round "11"]
[White "Dworakowska, Joanna"]
[Black "Brodowski, Piotr"]
[Result "0-1"]
[WhiteElo "2334"]
[BlackElo "2450"]
[PlyCount "62"]
[EventDate "2022.07.08"]
[EventType "swiss (blitz)"]
[EventRounds "11"]
[EventCountry "POL"]
[SourceTitle "CBM 209 Extra"]
[Source "ChessBase"]
[SourceDate "2022.09.30"]
[SourceVersion "1"]
[SourceVersionDate "2022.09.30"]
[SourceQuality "1"]

1. e4 c5 2. Nf3 g6 3. d4 Bg7 4. c4 Qb6 5. dxc5 Qxc5 6. Qc2 Nc6 7. Nc3 Nf6 8. Be3 Qa5 9. Be2 Nxe4 10. 0-0 Nxc3 11. bxc3 Qxc3 12. Qe4 d6 13. Rad1 h6 14. Qh4 Qf6 15. Qg3 0-0 16. Rd2 b6 17. Nd4 Nxd4 18. Bxd4 Qg5 19. Qc3 Bb7 20. Bf3 Bxf3 21. Qxf3 Qxd2 22. Be3 Qc2 23. h4 Qxc4 24. h5 Qe6 25. hxg6 fxg6 26. Qb7 Rac8 27. Qxa7 Rc2 28. a4 Ra2 29. Bxb6 Qe2 30. a5 Rc8 31. Qd7 Qxf1+ 0-1

[Event "Wch Blitz (Women)"]
[Site "Warsaw"]
[Date "2021.12.30"]
[Round "12"]
[White "Smirnova, Ekaterina"]
[Black "Dworakowska, Joanna"]
[Result "1-0"]
[WhiteElo "2196"]
[BlackElo "2321"]
[PlyCount "68"]
[EventDate "2021.12.29"]
[EventType "swiss (blitz)"]
[EventRounds "17"]
[EventCountry "POL"]
[SourceTitle "CBM 205 Extra"]
[Source "ChessBase"]
[SourceDate "2022.01.31"]
[SourceVersion "1"]
[SourceVersionDate "2022.01.31"]
[SourceQuality "1"]

1. d4 d5 2. c4 e6 3. Nc3 f5 4. Bf4 Nf6 5. e3 c6 6. h3 Bd6 7. Nge2 0-0 8. Bxd6 Qxd6 9. Nf4 Kh8 10. Bd3 b6 11. g4 dxc4 12. Bxc4 e5 13. dxe5 Qxe5 14. g5 Ne4 15. Qh5 Qe8 16. g6 h6 17. Rd1 Nxc3 18. bxc3 Ba6 19. Bxa6 Nxa6 20. 0-0 Nc5 21. Qe2 Ne4 22. Qc4 Rf6 23. Kh2 Rd8 24. Rd4 Rxd4 25. Qxd4 Rd6 26. Qa4 Qd7 27. Qa3 Qc7 28. Rd1 c5 29. Rxd6 Qxd6 30. Qxa7 Nf6 31. Qa8+ Ng8 32. Qb7 Qd2 33. Kg2 Qb2 34. Nd5 Qb1 1-0

[Event "Wch Blitz (Women)"]
[Site "Warsaw"]
[Date "2021.12.29"]
[Round "6"]
[White "Doluhanova, Evgeniya"]
[Black "Dworakowska, Joanna"]
[Result "0-1"]
[WhiteElo "2264"]
[BlackElo "2321"]
[PlyCount "80"]
[EventDate "2021.12.29"]
[EventType "swiss (blitz)"]
[EventRounds "17"]
[EventCountry "POL"]
[SourceTitle "CBM 205 Extra"]
[Source "ChessBase"]
[SourceDate "2022.01.31"]
[SourceVersion "1"]
[SourceVersionDate "2022.01.31"]
[SourceQuality "1"]

1. Nf3 d5 2. b3 Nf6 3. Bb2 e6 4. e3 Be7 5. Be2 0-0 6. 0-0 b6 7. c4 Bb7 8. Nc3 Nbd7 9. d4 Ne4 10. Rc1 Rc8 11. h3 f5 12. cxd5 exd5 13. Ne5 Bd6 14. Nxe4 fxe4 15. Nxd7 Qxd7 16. Bg4 Qe7 17. Bxc8 Bxc8 18. f4 Rf6 19. Qh5 Be6 20. Qh4 Qf7 21. Rc2 Bd7 22. a4 Bc8 23. Bc3 a5 24. Be1 Ba6 25. Rff2 Bd3 26. Rc6 Qe8 27. Rc1 Rg6 28. Rd2 Be7 29. Qf2 Ba6 30. Rdc2 Bd6 31. Qh4 Be7 32. Qf2 Bd6 33. Rxc7 Bxc7 34. Rxc7 Rc6 35. Rxc6 Qxc6 36. Kh2 Bd3 37. Qh4 h6 38. Qd8+ Kh7 39. Bh4 Bc2 40. Qd6 Qxd6 0-1

[Event "Wch Blitz (Women)"]
[Site "Warsaw"]
[Date "2021.12.29"]
[Round "9"]
[White "Dworakowska, Joanna"]
[Black "Kovanova, Baira"]
[Result "0-1"]
[WhiteElo "2321"]
[BlackElo "2331"]
[PlyCount "120"]
[EventDate "2021.12.29"]
[EventType "swiss (blitz)"]
[EventRounds "17"]
[EventCountry "POL"]
[SourceTitle "CBM 205 Extra"]
[Source "ChessBase"]
[SourceDate "2022.01.31"]
[SourceVersion "1"]
[SourceVersionDate "2022.01.31"]
[SourceQuality "1"]

1. e4 e5 2. Nf3 Nc6 3. Bc4 Nf6 4. d3 Bc5 5. a3 a5 6. Nc3 h6 7. Ba2 d6 8. Be3 Ba7 9. Qd2 Be6 10. Nd5 Bxd5 11. exd5 Ne7 12. c4 Nf5 13. Bxa7 Rxa7 14. 0-0 0-0 15. d4 e4 16. Ne1 Re8 17. Nc2 Ra8 18. Rae1 Nh5 19. Bb1 Qh4 20. Re2 Nf4 21. Ree1 Qg5 22. Ne3 Nxg2 23. Kh1 Ngh4 24. Rg1 Qf4 25. Rg3 Nxg3+ 26. fxg3 Qf3+ 27. Kg1 Nf5 28. Nxf5 Qxf5 29. Qe3 Qf3 30. Qd2 e3 31. Qe2 Qxe2 32. Rxe2 Re7 33. Kg2 Rae8 34. Kf3 g6 35. Bd3 Kg7 36. Rc2 f5 37. c5 Kf6 38. c6 bxc6 39. dxc6 g5 40. b4 axb4 41. axb4 Ra8 42. b5 Ra3 43. Be2 Rb3 44. Ra2 Rb4 45. Ra7 g4+ 46. Kg2 Rb2 47. Kf1 Rb1+ 48. Kg2 Re1 49. Bd3 e2 50. b6 Rg1+ 51. Kxg1 e1Q+ 52. Bf1 Qe3+ 53. Kh1 cxb6 54. c7 Qc3 55. d5 Rxc7 56. Ra8 Qf3+ 57. Kg1 Rc1 58. Rf8+ Ke7 59. Rxf5 Qxf5 60. Kg2 Qxf1# 0-1

[Event "Wch Rapid (Women)"]
[Site "Warsaw"]
[Date "2021.12.28"]
[Round "9"]
[White "Wikar, Martyna"]
[Black "Dworakowska, Joanna"]
[Result "0-1"]
[WhiteElo "2168"]
[BlackElo "2321"]
[PlyCount "162"]
[EventDate "2021.12.26"]
[EventType "swiss (rapid)"]
[EventRounds "11"]
[EventCountry "POL"]
[SourceTitle "CBM 205 Extra"]
[Source "ChessBase"]
[SourceDate "2022.01.31"]
[SourceVersion "1"]
[SourceVersionDate "2022.01.31"]
[SourceQuality "1"]

1. e4 c5 2. Nf3 d6 3. d4 cxd4 4. Nxd4 Nf6 5. Nc3 a6 6. f4 e5 7. Nb3 Be7 8. fxe5 dxe5 9. Qxd8+ Bxd8 10. Be2 Nc6 11. Bg5 h6 12. Be3 Bg4 13. Bf3 Bxf3 14. gxf3 Ne7 15. 0-0-0 Rc8 16. h4 Nh5 17. Nd5 Ng6 18. Nc5 Rb8 19. Rhg1 Nxh4 20. f4 exf4 21. Nxf4 Bg5 22. Nd5 Bxe3+ 23. Nxe3 Nf3 24. Rh1 Ng3 25. Rh3 Ne2+ 26. Kb1 Ne5 27. Nd5 g5 28. Rdh1 Kf8 29. Rxh6 Rxh6 30. Rxh6 Kg7 31. Rh5 Kg6 32. Rh2 Nd4 33. Ne7+ Kf6 34. Nd5+ Kg6 35. c3 Ndf3 36. Rg2 g4 37. Ne7+ Kg5 38. Nf5 Rh8 39. a4 b5 40. Nxa6 bxa4 41. Nc5 Ra8 42. Ka2 Kf4 43. Ka3 Ne1 44. Rg1 N5f3 45. Rg3 Rb8 46. Nxa4 Rb5 47. c4 Nc2+ 48. Ka2 Rxf5 49. Rg2 Ne3 50. exf5 Nxg2 51. c5 Ne5 52. Nc3 Ne3 53. b4 Kf3 54. b5 g3 55. c6 N3c4 56. c7 Nb6 57. Nd5 g2 58. Nxb6 g1Q 59. c8Q Qxb6 60. Qc3+ Kf4 61. Qc1+ Kxf5 62. Qf1+ Ke6 63. Qh3+ Kd5 64. Qb3+ Kd6 65. Qa3+ Qc5 66. Qa6+ Kd5 67. Qa8+ Kd4 68. Qa6 Qc2+ 69. Ka1 Qc3+ 70. Ka2 Qc4+ 71. Ka1 Nd3 72. Qf6+ Kc5 73. Qe7+ Kxb5 74. Qb7+ Kc5 75. Qe7+ Kd4 76. Qf6+ Ke3 77. Qe7+ Kd2 78. Qg5+ Kc3 79. Qa5+ Nb4 80. Qe5+ Qd4 81. Qg3+ Kc2+ 0-1

[Event "Wch Rapid (Women)"]
[Site "Warsaw"]
[Date "2021.12.27"]
[Round "6"]
[White "Hryzlova, Sofiia"]
[Black "Dworakowska, Joanna"]
[Result "0-1"]
[WhiteElo "2097"]
[BlackElo "2321"]
[PlyCount "58"]
[EventDate "2021.12.26"]
[EventType "swiss (rapid)"]
[EventRounds "11"]
[EventCountry "POL"]
[SourceTitle "CBM 205 Extra"]
[Source "ChessBase"]
[SourceDate "2022.01.31"]
[SourceVersion "1"]
[SourceVersionDate "2022.01.31"]
[SourceQuality "1"]

1. d4 Nf6 2. c4 g6 3. Nc3 d6 4. e4 Bg7 5. h3 0-0 6. Be3 Nbd7 7. g4 e5 8. d5 Qe7 9. Nge2 c5 10. Qd2 a6 11. Ng3 Ne8 12. h4 Nc7 13. h5 b5 14. cxb5 Nb6 15. f3 axb5 16. Nxb5 Nxb5 17. Bxb5 Ba6 18. Bxa6 Rxa6 19. Qh2 Bh8 20. Qg2 Rfa8 21. b3 Qa7 22. Rh2 Ra3 23. hxg6 fxg6 24. Qc2 Qa5+ 25. Bd2 Qb5 26. Kf2 Bf6 27. Qc1 Rxa2 28. Rb1 Qd3 29. Rb2 Qd4+ 0-1

[Event "Wch Rapid (Women)"]
[Site "Warsaw"]
[Date "2021.12.26"]
[Round "2"]
[White "Dworakowska, Joanna"]
[Black "Kazarian, Anna Maja"]
[Result "0-1"]
[WhiteElo "2321"]
[BlackElo "2138"]
[PlyCount "86"]
[EventDate "2021.12.26"]
[EventType "swiss (rapid)"]
[EventRounds "11"]
[EventCountry "POL"]
[SourceTitle "CBM 205 Extra"]
[Source "ChessBase"]
[SourceDate "2022.01.31"]
[SourceVersion "1"]
[SourceVersionDate "2022.01.31"]
[SourceQuality "1"]

1. e4 e6 2. d4 d5 3. e5 c5 4. c3 Bd7 5. Nf3 Qb6 6. Bd3 Bb5 7. 0-0 Bxd3 8. Qxd3 Nc6 9. Na3 c4 10. Qe2 Bxa3 11. bxa3 Qa5 12. Qc2 b5 13. Ng5 h6 14. Nh3 Nge7 15. Nf4 g6 16. h4 0-0-0 17. h5 g5 18. Ne2 Nf5 19. g4 Nh4 20. Kh2 f6 21. exf6 Rdf8 22. f4 Rxf6 23. Kh3 Rhf8 24. Rb1 a6 25. a4 Qxa4 26. Qxa4 bxa4 27. Ba3 R8f7 28. Rb6 e5 29. Rxc6+ Rxc6 30. dxe5 Rb6 31. Nd4 Rxf4 32. Rxf4 gxf4 33. Kxh4 Rb1 34. Kh3 Ra1 35. g5 hxg5 36. e6 Rxa2 37. h6 Rxa3 38. h7 Rxc3+ 39. Kg4 Rg3+ 40. Kf5 Rh3 41. Kg6 a3 42. Nf5 a2 43. Nh6 a1Q 0-1

[Event "Wch Rapid (Women)"]
[Site "Warsaw"]
[Date "2021.12.26"]
[Round "3"]
[White "Smietanska, Wiktoria"]
[Black "Dworakowska, Joanna"]
[Result "1-0"]
[WhiteElo "1910"]
[BlackElo "2321"]
[PlyCount "93"]
[EventDate "2021.12.26"]
[EventType "swiss (rapid)"]
[EventRounds "11"]
[EventCountry "POL"]
[SourceTitle "CBM 205 Extra"]
[Source "ChessBase"]
[SourceDate "2022.01.31"]
[SourceVersion "1"]
[SourceVersionDate "2022.01.31"]
[SourceQuality "1"]

1. c4 Nf6 2. Nc3 g6 3. g3 Bg7 4. Bg2 0-0 5. e4 d6 6. Nge2 c5 7. d3 Nc6 8. 0-0 Bd7 9. h3 e6 10. Be3 Qe7 11. d4 a6 12. f4 cxd4 13. Nxd4 Rac8 14. Qe2 Na5 15. e5 dxe5 16. fxe5 Ne8 17. Bf4 g5 18. Bc1 Qc5 19. Rd1 Bxe5 20. Be3 Qxc4 21. Qg4 h6 22. h4 f5 23. Qh5 Qc7 24. hxg5 Ng7 25. Qg6 h5 26. Nd5 Be8 27. Nxc7 Bxg6 28. Ncxe6 Nxe6 29. Nxe6 Rfe8 30. Bd5 Kh7 31. Bf4 Bxb2 32. Rab1 Rc2 33. Rd2 Rxd2 34. Bxd2 Bf7 35. Rxb2 Bxe6 36. Bxe6 Rxe6 37. Bxa5 b5 38. Kf2 Kg6 39. Bd8 Rd6 40. Bf6 Rd5 41. Ke3 a5 42. Rd2 Rc5 43. Rd7 f4+ 44. Kxf4 Rc4+ 45. Bd4 h4 46. Rg7+ Kh5 47. g4# 1-0

[Event "Speed Chess (Women) Q3"]
[Site "Chess.com INT"]
[Date "2021.05.30"]
[Round "6"]
[White "Cori Tello, Deysi Estella"]
[Black "Dworakowska, Joanna"]
[Result "1-0"]
[WhiteElo "2388"]
[BlackElo "2322"]
[PlyCount "73"]
[EventDate "2021.05.30"]
[EventType "swiss (blitz)"]
[EventRounds "21"]
[EventCountry "USA"]
[SourceTitle "CBM 202 Extra"]
[Source "ChessBase"]
[SourceDate "2021.07.31"]
[SourceVersion "1"]
[SourceVersionDate "2021.07.31"]
[SourceQuality "1"]

1. d4 f5 2. Nf3 Nf6 3. b3 d6 4. Bb2 g6 5. Nbd2 Bg7 6. e3 a6 7. Be2 b5 8. a4 Bb7 9. axb5 axb5 10. Bxb5+ Nbd7 11. Bc4 Ne4 12. Nxe4 fxe4 13. Ng5 Bf6 14. Bf7+ Kf8 15. Ne6+ Kxf7 16. Nxd8+ Rhxd8 17. 0-0 h5 18. Qe2 Kg7 19. c4 Kh7 20. h3 Rg8 21. Rxa8 Rxa8 22. Ra1 Rb8 23. Ra7 Nf8 24. Qc2 Bg7 25. d5 Bxb2 26. Qxb2 Nd7 27. Qd4 Nf6 28. b4 Kg7 29. g3 Kf7 30. Kg2 g5 31. b5 h4 32. b6 c5 33. Qa1 Bc8 34. Rc7 hxg3 35. fxg3 Bd7 36. b7 Rh8 37. g4 1-0

[Event "Speed Chess (Women) Q3"]
[Site "Chess.com INT"]
[Date "2021.05.30"]
[Round "17"]
[White "Dworakowska, Joanna"]
[Black "Antonova, Nadezhda"]
[Result "1-0"]
[WhiteElo "2322"]
[BlackElo "1877"]
[PlyCount "95"]
[EventDate "2021.05.30"]
[EventType "swiss (blitz)"]
[EventRounds "21"]
[EventCountry "USA"]
[SourceTitle "CBM 202 Extra"]
[Source "ChessBase"]
[SourceDate "2021.07.31"]
[SourceVersion "1"]
[SourceVersionDate "2021.07.31"]
[SourceQuality "1"]

1. e4 d6 2. d4 Nf6 3. Nc3 e5 4. Nge2 Nbd7 5. g3 c6 6. Bg2 b5 7. 0-0 Bb7 8. a3 a5 9. Bg5 Be7 10. Qd2 b4 11. axb4 axb4 12. Rxa8 Qxa8 13. Nd1 c5 14. d5 0-0 15. h4 h6 16. Be3 Ng4 17. Bh3 Nxe3 18. Nxe3 Nf6 19. f3 g6 20. Kf2 Bc8 21. Bxc8 Rxc8 22. Nc4 Qa6 23. b3 Kg7 24. Rb1 Qa2 25. Qc1 Ra8 26. Ng1 Qa6 27. Kg2 Qb5 28. Ra1 Qe8 29. Nh3 Nh5 30. Nf2 Nf6 31. Qb1 Qc8 32. Ra2 Rxa2 33. Qxa2 g5 34. hxg5 hxg5 35. Qa7 Qd8 36. g4 Nh7 37. Nh1 Nf8 38. Ng3 Ng6 39. Nf5+ Kf6 40. Kg3 Bf8 41. Qb7 Nf4 42. Qc6 Ne2+ 43. Kf2 Nd4 44. Nxd4 exd4 45. e5+ Kg7 46. exd6 Qf6 47. d7 Qxc6 48. dxc6 1-0

[Event "Speed Chess (Women) Q3"]
[Site "Chess.com INT"]
[Date "2021.05.30"]
[Round "1"]
[White "Dworakowska, Joanna"]
[Black "Assaubayeva, Bibissara"]
[Result "0-1"]
[WhiteElo "2322"]
[BlackElo "2381"]
[PlyCount "106"]
[EventDate "2021.05.30"]
[EventType "swiss (blitz)"]
[EventRounds "21"]
[EventCountry "USA"]
[SourceTitle "CBM 202 Extra"]
[Source "ChessBase"]
[SourceDate "2021.07.31"]
[SourceVersion "1"]
[SourceVersionDate "2021.07.31"]
[SourceQuality "1"]

1. e4 c5 2. Nf3 d6 3. d4 cxd4 4. Nxd4 Nf6 5. Nc3 a6 6. g3 e5 7. Nb3 Be7 8. Bg2 0-0 9. 0-0 Nc6 10. Bg5 Be6 11. Bxf6 Bxf6 12. Nd5 Bxd5 13. exd5 Nb8 14. Kh1 Nd7 15. c3 Rc8 16. f4 exf4 17. Rxf4 Be5 18. Rf2 Rc4 19. Qd2 Re8 20. Raf1 Nf6 21. Rf5 Qd7 22. Na5 Ra4 23. b4 Ra3 24. R5f3 Rc8 25. Rc1 Qa4 26. Qb2 Rxa2 27. Qb1 Ra3 28. Nxb7 Raxc3 29. Rfxc3 Rxc3 30. Nxd6 Rxc1+ 31. Qxc1 Bxd6 32. Qc8+ Qe8 33. Qc1 Bxb4 34. Qd1 Qe1+ 35. Qxe1 Bxe1 36. d6 Bb4 37. d7 Nxd7 38. Bf1 a5 39. Kg2 f6 40. Bb5 Nc5 41. Kf3 Kf8 42. Ke3 Ke7 43. Kd4 Kd6 44. Bc4 Ne6+ 45. Kd3 Ke5 46. Bb3 Nc5+ 47. Kc4 Nxb3 48. Kxb3 Kd4 49. Ka4 Ke3 50. h4 Kf3 51. h5 Kxg3 52. h6 gxh6 53. Kb3 h5 0-1

[Event "Speed Chess (Women) Q3"]
[Site "Chess.com INT"]
[Date "2021.05.30"]
[Round "4"]
[White "Dworakowska, Joanna"]
[Black "Dauletova, Gulmira"]
[Result "1/2-1/2"]
[WhiteElo "2322"]
[BlackElo "2285"]
[PlyCount "138"]
[EventDate "2021.05.30"]
[EventType "swiss (blitz)"]
[EventRounds "21"]
[EventCountry "USA"]
[SourceTitle "CBM 202 Extra"]
[Source "ChessBase"]
[SourceDate "2021.07.31"]
[SourceVersion "1"]
[SourceVersionDate "2021.07.31"]
[SourceQuality "1"]

1. e4 e5 2. Nf3 Nc6 3. Bc4 Bc5 4. 0-0 Nf6 5. Re1 0-0 6. h3 d6 7. Nc3 a6 8. a3 h6 9. Nd5 Be6 10. d3 Bxd5 11. exd5 Ne7 12. d4 exd4 13. Nxd4 Nexd5 14. Nf5 c6 15. Bxd5 Nxd5 16. Qg4 Qf6 17. Nxh6+ Kh7 18. Nf5 g6 19. c4 Qxf5 20. Qxf5 gxf5 21. cxd5 cxd5 22. Bf4 Rfe8 23. Kf1 Re4 24. g3 Rae8 25. Red1 d4 26. Rd2 a5 27. Rad1 a4 28. Rc2 Kg6 29. h4 Rh8 30. Kg2 Rhe8 31. Kf3 b6 32. h5+ Kg7 33. h6+ Kh7 34. Rcd2 d5 35. Rc2 R4e6 36. Rcd2 Rg6 37. Rc2 Rge6 38. Rcd2 Rc6 39. Rc2 Rg6 40. Rcd2 Re4 41. Rc2 Rxf4+ 42. Kxf4 Rxh6 43. Kxf5 Re6 44. f4 Re3 45. g4 d3 46. Rcd2 Bd4 47. Rxd3 Rxd3 48. Rxd3 Bxb2 49. g5 Kg7 50. Kg4 d4 51. f5 b5 52. Kf4 b4 53. axb4 a3 54. Rd1 a2 55. Ke4 a1Q 56. Rxa1 Bxa1 57. b5 Bc3 58. b6 Ba5 59. b7 Bc7 60. Kxd4 Kf8 61. Kd5 Ke7 62. Kc6 Bb8 63. Kb6 Kd6 64. g6 fxg6 65. fxg6 Ke6 66. Kc6 Kf6 67. Kd7 Kxg6 68. Kc8 Bg3 69. b8Q Bxb8 1/2-1/2

[Event "Speed Chess (Women) Q3"]
[Site "Chess.com INT"]
[Date "2021.05.30"]
[Round "21"]
[White "Dworakowska, Joanna"]
[Black "Nanditha, V."]
[Result "1-0"]
[WhiteElo "2322"]
[BlackElo "1666"]
[PlyCount "61"]
[EventDate "2021.05.30"]
[EventType "swiss (blitz)"]
[EventRounds "21"]
[EventCountry "USA"]
[SourceTitle "CBM 202 Extra"]
[Source "ChessBase"]
[SourceDate "2021.07.31"]
[SourceVersion "1"]
[SourceVersionDate "2021.07.31"]
[SourceQuality "1"]

1. e4 c6 2. Nc3 d5 3. Nf3 dxe4 4. Nxe4 Nf6 5. Nxf6+ exf6 6. d4 Bd6 7. c3 Qe7+ 8. Be2 Bg4 9. 0-0 0-0 10. Re1 Qc7 11. h3 Bh5 12. Bd2 Nd7 13. Qc2 Rfe8 14. Kf1 Bf8 15. Ng1 Bxe2+ 16. Rxe2 Qh2 17. Rae1 Red8 18. Qf5 Bd6 19. Qg4 Qh1 20. Bf4 Bxf4 21. Qxf4 Nf8 22. Qg3 Ng6 23. f4 f5 24. Kf2 h5 25. Nf3 h4 26. Qg5 f6 27. Qxf5 Qh2 28. Nxh2 Rd5 29. Qxg6 Rad8 30. Re8+ Rxe8 31. Rxe8# 1-0

[Event "Speed Chess (Women) Q3"]
[Site "Chess.com INT"]
[Date "2021.05.30"]
[Round "7"]
[White "Komiagina, Maria"]
[Black "Dworakowska, Joanna"]
[Result "0-1"]
[WhiteElo "2241"]
[BlackElo "2322"]
[PlyCount "72"]
[EventDate "2021.05.30"]
[EventType "swiss (blitz)"]
[EventRounds "21"]
[EventCountry "USA"]
[SourceTitle "CBM 202 Extra"]
[Source "ChessBase"]
[SourceDate "2021.07.31"]
[SourceVersion "1"]
[SourceVersionDate "2021.07.31"]
[SourceQuality "1"]

1. d4 f5 2. Nf3 Nf6 3. g3 g6 4. Bg2 Bg7 5. 0-0 d6 6. c4 0-0 7. Nc3 Nc6 8. Qb3 Na5 9. Qa4 b6 10. Nd2 Bd7 11. Qc2 Rc8 12. b4 Nc6 13. Bxc6 Bxc6 14. b5 Bb7 15. a4 Qe8 16. a5 e5 17. d5 Rb8 18. axb6 axb6 19. Ra7 Nd7 20. Nb3 e4 21. e3 Ne5 22. Nd4 g5 23. Qd1 g4 24. Qe2 Rf6 25. h4 Rh6 26. Kg2 Bf6 27. Nxf5 Rh5 28. Nd4 Bxh4 29. gxh4 Rxh4 30. Rh1 Qh5 31. Qf1 Nf3 32. Nce2 Rh2+ 33. Kg3 Qh4+ 34. Kf4 g3+ 35. Kf5 Rf8+ 36. Ke6 Bc8# 0-1

[Event "Speed Chess (Women) Q2"]
[Site "Chess.com INT"]
[Date "2021.05.29"]
[Round "11"]
[White "Dworakowska, Joanna"]
[Black "Agrest, Inna"]
[Result "1/2-1/2"]
[WhiteElo "2322"]
[BlackElo "2285"]
[PlyCount "91"]
[EventDate "2021.05.29"]
[EventType "swiss (blitz)"]
[EventRounds "13"]
[EventCountry "USA"]
[SourceTitle "CBM 202 Extra"]
[Source "ChessBase"]
[SourceDate "2021.07.31"]
[SourceVersion "1"]
[SourceVersionDate "2021.07.31"]
[SourceQuality "1"]

1. e4 e5 2. Nf3 Nc6 3. d4 exd4 4. Nxd4 Nf6 5. Nxc6 bxc6 6. e5 Qe7 7. Qe2 Nd5 8. c4 Nb6 9. Nc3 Qe6 10. Qe4 Bb7 11. Bd2 0-0-0 12. 0-0-0 g6 13. Bd3 Bg7 14. f4 Rhe8 15. c5 Nd5 16. Qa4 Kb8 17. Ne4 f6 18. exf6 Nxf6 19. Rhe1 Qd5 20. Bc4 Rxe4 21. Bxd5 Rxa4 22. Bf3 Rxa2 23. Kb1 Ra4 24. Bc3 Rxf4 25. Re7 Bf8 26. Rf7 Nh5 27. Rdxd7 Rxd7 28. Rxd7 Bxc5 29. Rd8+ Bc8 30. Bxc6 Nf6 31. Ka2 Be7 32. Rh8 a6 33. Be5 Rf2 34. Bg3 Rf1 35. Bf3 Rc1 36. Be5 Nd7 37. Bf4 Rc2 38. Rxh7 Bf6 39. Ka3 Rxb2 40. Bg4 Nc5 41. Bxc7+ Ka8 42. Bxc8 Rb3+ 43. Ka2 Rb2+ 44. Ka3 Rb3+ 45. Ka2 Rb2+ 46. Ka3 1/2-1/2

[Event "Speed Chess (Women) Q2"]
[Site "Chess.com INT"]
[Date "2021.05.29"]
[Round "3"]
[White "Dworakowska, Joanna"]
[Black "Samaganova, Alexandra"]
[Result "0-1"]
[WhiteElo "2322"]
[BlackElo "1993"]
[PlyCount "88"]
[EventDate "2021.05.29"]
[EventType "swiss (blitz)"]
[EventRounds "13"]
[EventCountry "USA"]
[SourceTitle "CBM 202 Extra"]
[Source "ChessBase"]
[SourceDate "2021.07.31"]
[SourceVersion "1"]
[SourceVersionDate "2021.07.31"]
[SourceQuality "1"]

1. e4 c5 2. Nf3 e6 3. d4 cxd4 4. Nxd4 a6 5. g3 Qc7 6. Bg2 Nf6 7. 0-0 Nc6 8. Re1 Be7 9. Nxc6 dxc6 10. e5 Nd7 11. Qg4 g6 12. Qe2 b5 13. Bh6 Bb7 14. Nd2 0-0-0 15. c4 Nc5 16. cxb5 axb5 17. Rec1 Nd3 18. Rc3 Nb4 19. Rac1 Kb8 20. a3 Nd5 21. R3c2 Qb6 22. Nb3 Rd7 23. h4 Rhd8 24. Qe1 Rc8 25. Kh2 c5 26. Na5 c4 27. Nxb7 Kxb7 28. b3 Bxa3 29. bxc4 Bxc1 30. Rxc1 Rxc4 31. Rb1 Kc8 32. Qe2 Rdc7 33. Bxd5 exd5 34. Qf3 Qe6 35. Bf4 R4c5 36. Be3 Rc3 37. Rxb5 d4 38. Bxd4 Rxf3 39. Ra5 Rc1 40. Kg2 Rb3 41. Be3 Qc6+ 42. Kh3 h5 43. Bxc1 Qxc1 44. Ra8+ Kb7 0-1

[Event "Speed Chess (Women) Q2"]
[Site "Chess.com INT"]
[Date "2021.05.29"]
[Round "1"]
[White "Zawadzka, Jolanta"]
[Black "Dworakowska, Joanna"]
[Result "1-0"]
[WhiteElo "2399"]
[BlackElo "2322"]
[PlyCount "99"]
[EventDate "2021.05.29"]
[EventType "swiss (blitz)"]
[EventRounds "13"]
[EventCountry "USA"]
[SourceTitle "CBM 202 Extra"]
[Source "ChessBase"]
[SourceDate "2021.07.31"]
[SourceVersion "1"]
[SourceVersionDate "2021.07.31"]
[SourceQuality "1"]

1. e4 c5 2. Nf3 d6 3. d4 cxd4 4. Nxd4 Nf6 5. f3 a6 6. c4 e5 7. Nb3 Be6 8. Be3 Nbd7 9. Be2 Rc8 10. Na3 Be7 11. 0-0 0-0 12. Rc1 Nh5 13. Qd2 Kh8 14. Na5 Qc7 15. b4 g6 16. Nb1 f5 17. exf5 gxf5 18. Nc3 Rg8 19. Kh1 Ndf6 20. Nd5 Bxd5 21. cxd5 Qd7 22. Nc4 Qe8 23. Nb6 Rd8 24. Rc7 Rb8 25. Bd1 f4 26. Bf2 Bd8 27. Rc1 Bxb6 28. Bxb6 Qb5 29. Qf2 Nxd5 30. Ba7 Rbf8 31. Bb3 Nxb4 32. Bxg8 Rxg8 33. Rc7 Ng3+ 34. hxg3 fxg3 35. Qe1 Nd3 36. Qe4 Rg6 37. Rxb7 Nf2+ 38. Rxf2 Rh6+ 39. Kg1 gxf2+ 40. Kxf2 Qa5 41. Rb8+ Kg7 42. Qg4+ Kf6 43. Rf8+ Ke7 44. Qg7+ Ke6 45. Qxh6+ Kd5 46. Qe3 Qxa2+ 47. Kg3 Qb1 48. Qe4+ Qxe4 49. fxe4+ Kxe4 50. Rd8 1-0

[Event "POL-ch (Women) 73rd"]
[Site "Bydgoszcz"]
[Date "2021.05.03"]
[Round "5.2"]
[White "Antolak, Julia"]
[Black "Dworakowska, Joanna"]
[Result "0-1"]
[WhiteElo "2306"]
[BlackElo "2322"]
[PlyCount "98"]
[EventDate "2021.04.29"]
[EventType "tourn"]
[EventRounds "9"]
[EventCountry "POL"]
[EventCategory "5"]
[SourceTitle "CBM 202 Extra"]
[Source "ChessBase"]
[SourceDate "2021.07.31"]
[SourceVersion "1"]
[SourceVersionDate "2021.07.31"]
[SourceQuality "1"]

1. e4 c5 2. Nf3 d6 3. d4 cxd4 4. Nxd4 Nf6 5. Nc3 a6 6. Nb3 e6 7. g4 h6 8. Bg2 Be7 9. Be3 e5 10. f3 Be6 11. Qe2 Nbd7 12. 0-0-0 b5 13. Nd5 Bxd5 14. exd5 0-0 15. h4 a5 16. g5 Nh5 17. Qxb5 hxg5 18. hxg5 Bxg5 19. Rxh5 Bxe3+ 20. Kb1 g6 21. Rh3 a4 22. Nc1 Kg7 23. Rdh1 Nf6 24. Ne2 Ra5 25. Qd3 Qb6 26. f4 Rb8 27. b3 Bc5 28. fxe5 dxe5 29. Qd2 Ng8 30. Rh7+ Kf8 31. Rh8 axb3 32. cxb3 Be3 33. Qc3 Rxa2 34. Kxa2 Qa6+ 35. Kb1 Qxe2 36. Re1 Rxb3+ 37. Qxb3 Qxe1+ 38. Ka2 Kg7 39. Rh1 Qe2+ 40. Qb2 Qc4+ 41. Qb3 Qg4 42. Bf1 Bd4 43. Rh3 Qf4 44. Rf3 Qd2+ 45. Kb1 e4 46. Rxf7+ Kxf7 47. d6+ Kg7 48. d7 Qe1+ 49. Kc2 Qf2+ 0-1

[Event "POL-ch (Women) 73rd"]
[Site "Bydgoszcz"]
[Date "2021.05.02"]
[Round "4.1"]
[White "Dworakowska, Joanna"]
[Black "Zawadzka, Jolanta"]
[Result "1-0"]
[WhiteElo "2322"]
[BlackElo "2399"]
[PlyCount "71"]
[EventDate "2021.04.29"]
[EventType "tourn"]
[EventRounds "9"]
[EventCountry "POL"]
[EventCategory "5"]
[SourceTitle "CBM 202 Extra"]
[Source "ChessBase"]
[SourceDate "2021.07.31"]
[SourceVersion "1"]
[SourceVersionDate "2021.07.31"]
[SourceQuality "1"]

1. e4 e5 2. Nf3 Nc6 3. Bc4 Nf6 4. d4 exd4 5. e5 d5 6. Bb5 Ne4 7. Nxd4 Bd7 8. Bxc6 bxc6 9. 0-0 Bc5 10. f3 Ng5 11. Be3 Ne6 12. c3 Bb6 13. f4 g6 14. Nd2 c5 15. Nxe6 fxe6 16. c4 0-0 17. Qg4 Qe7 18. Bf2 Qf7 19. Bh4 Qf5 20. Qxf5 gxf5 21. Rf3 Be8 22. Rc1 Bh5 23. Rg3+ Kf7 24. Bf6 Rg8 25. Rh3 Kg6 26. Rh4 d4 27. Kf2 d3 28. g4 fxg4 29. Rg1 Ba5 30. Ne4 g3+ 31. Nxg3 d2 32. Rxh5 h6 33. Rh4 Rab8 34. b3 Kf7 35. Rxh6 Bc3 36. Ke2 1-0